000
00343pab a2200157 454500
008
180718b2009 xxu||||| |||| 00| 0 eng d
100
_a
Tripathi, Vishwa Nath
245
_a
Welfare: the pension scheme
260
_c
2009
300
_a
p.76-77.
362
_a
Mar
650
_a
Pensions
773
_a
Yojana
908
_a
N
909
_a
77717
999
_c
77717
_d
77717